| 000 | 00400nam a2200157Ia 4500 | ||
|---|---|---|---|
| 001 | 56554 | ||
| 008 | 130521n ii |||gr||||Z||||||807 | ||
| 082 | _a891.431 | ||
| 100 |
_aKoumudi, _eKeshab., |
||
| 245 | 0 |
_aRamchandrika _cKeshab Koumudi _hTextual Documents |
|
| 260 |
_aLakhnow: _bPrakahan Kendra. |
||
| 300 |
_a213p: _c23cm. |
||
| 653 | _aHindi Literature | ||
| 653 | _aG-Hindi | ||
| 942 |
_2ddc _cBK |
||
| 999 |
_c56476 _d56476 |
||